000 01544nam a2200361 4500
001 113853
003 DR-UNIBE
005 20250709111744.0
008 250709b2019 dr ||||| |||| 00| 1 spa d
020 _a9789945198126
040 _aBIBLIOTECA UNIBE
_bspa
_cBIBLIOTECA UNIBE
_erda
041 _aspa
090 _aFBIU-L CJ G993n
100 1 0 _aGuzmán, Michelle
_9136950
_eautor
245 1 0 _aNunca es invierno en la luna /
_cMichelle Guzmán ; dirección editorial: claudia Llibre ; dirección de arte y producción: Moises Kelly Santana ; subdirector de arte: Lilian Salcedo Fernández; edición: Luis Beiro Álvarez ; ilustraciones: José Amado Polanco
250 _aPrimera edición
260 _aSanto Domingo :
_bLoqueleo :
_bSantillana,
_c2019
300 _a84 páginas:
_bilustraciones en b/n ;
_c19 x 13 cm
490 _aSerie azul. Narrativa social
500 _aComentarios de la obra en la contraportada
521 _a+ 10
653 7 _aCuentos juveniles dominicanos
653 7 _aLiteratura juvenil dominicana
653 7 _aAventuras - Cuentos juveniles
653 7 _aHoteles - Cuentos juveniles dominicanos
700 1 0 _aLlibre, Claudia
_9115216
_edirector editorial
700 1 0 _aKelly Santana, Moisés
_9115217
_edirector de arte y producción
700 1 0 _aSalcedo Fernández, Lilian
_9115218
_esubdirector de arte
700 1 0 _aGómez Otaño, Ana
_9115219
_ediagramador
700 1 0 _aBeiro Álvarez, Luis,
_d1950 -
_991101
_eeditor
700 1 0 _aPolanco, José Amado
_953388
_eilustrador
942 _2ddc
_cBK
999 _c113853
_d113853